Recording classical music

Αποθηκεύτηκε σε:
Λεπτομέρειες βιβλιογραφικής εγγραφής
Κύριος συγγραφέας: TOFT, Robert
Μορφή: Βιβλίο
Γλώσσα:Αγγλικά
Έκδοση: Routledge 2020
Ετικέτες: Προσθήκη ετικέτας
Δεν υπάρχουν, Καταχωρήστε ετικέτα πρώτοι!

MARC

LEADER 00000nam a22000007a 4500
008 230119b |||||||| |||| 00| 0 eng d
020 |a 9780815380245 
100 |a TOFT, Robert 
245 |a Recording classical music  |c Robert Toft  |g xi, 168p;ill 
260 |b Routledge  |c 2020  |h New York  |i 699796   |i 699797  |l ML3790.T52  |m Sound recordings- Production and directives  |m Sound - Recordings and reproducing  |m Music-Acoustics and physics 
500 |a Includes bibliographical references and index. 
942 |a lcc  |c BK  |e Johnson  |f 19/01/23 
952 |0 0  |1 0  |2 lcc  |4 0  |6 ML3790 T52  |7 0  |9 4173  |a ART  |b HOL  |c LP  |d 2023-01-19  |l 0  |o ML3790.T52  |p 2023-0103  |r 2023-01-19 00:00:00  |t 699796  |w 2023-01-19  |y BK 
952 |0 0  |1 0  |2 lcc  |4 0  |6 ML3790 T52  |7 0  |9 4174  |a HOL  |b HOL  |c LP  |d 2023-01-19  |l 0  |o ML3790.T52  |p 2023-0104  |r 2023-01-19 00:00:00  |t 699797  |w 2023-01-19  |y BK 
999 |c 2091  |d 2091